Μια αυτοβιογραφία

Αποθηκεύτηκε σε:
Λεπτομέρειες βιβλιογραφικής εγγραφής
Κύριος συγγραφέας: Collingwood, R. G. (Robin George), 1889-1943
Άλλοι συγγραφείς: Κομνηνός, Ξενοφών (Μεταφραστής), Gadamer, Hans-Georg, 1900-2002 (Συγγραφέας εισαγωγής κ.λπ.)
Μορφή: Βιβλίο
Γλώσσα:Greek
English
Δημοσίευση: Αθήναι : Ίνδικτος, 2007
Σειρά:Ερμηνείες της Ινδίκτου ; ; 6
Θέματα:
Ετικέτες: Προσθήκη ετικέτας
Δεν υπάρχουν, Καταχωρήστε ετικέτα πρώτοι!

MARC

LEADER 00000cam a2200000 i 4500
001 1/98318
008 081126s2007 gr | ||| |||| ||gre||
020 |a 9605182645 
035 |l 10102049 
040 |a GR-MY-UA  |b gre  |e aacr 
041 1 |a gre  |h eng 
082 0 |a 192  |2 (22) 
100 1 |a Collingwood, R. G.   |q (Robin George),   |d 1889-1943. 
245 1 0 |a Μια αυτοβιογραφία /  |c R.G. Collingwood ; εισαγωγή Χανς Γκέοργκ Γκάνταμερ ; μετάφραση Ξενοφών Κομνηνός 
260 |a Αθήναι :   |b Ίνδικτος,   |c 2007 
300 |a 253 σ.;  |c 21 εκ. 
490 1 |a Ερμηνείες της Ινδίκτου  |v ; 6 
500 |a Μετάφραση από τα αγγλικά 
600 1 0 |a Collingwood, R. G.   |q (Robin George),   |d 1889-1943. 
650 0 0 |a Philosophers  |z England  |x Biography. 
700 1 |a Κομνηνός, Ξενοφών.  |4 trl 
700 1 |4 aui  |a Gadamer, Hans-Georg,   |d 1900-2002. 
830 0 |a Ερμηνείες της Ινδίκτου ;  |v ; 6 
852 |a INST  |b LESVOS  |e 20081126  |h 192 COL  |p 005100043583  |q 005100043583  |t BK  |y 0 
901 |a BIBL1-2008-3 
909 |a Λ  |b 157367 
970 |a ΚΑΡΑ  |b ΓΙΑΣΕΜΗ  |z 2008/11/26